Famous Landmarks In The World - Statistics

General Stats
  • This quiz has been taken 76 times
  • The average score is 9 of 15
Answer Stats
Picture Hint Answer % Correct
USA Statue Of Liberty
100%
Paris Eiffel Tower
97%
China Great Wall Of China
95%
India Taj Mahal
90%
UK Stonehenge
81%
Japan Mount Fuji
71%
Australia Sydney Opera House
71%
Acropolis, Greece Parthenon
57%
Cambodia Angkor Wat
56%
Russia St. Basil's Cathedral
49%
Mexico Chichen Itza
30%
Italy The Coloseum
22%
Italy Pisa Tower
17%
Tibet Potala Palace
13%
Egypt Pyramid Of Giza
6%
No matching quizzes found
Score Distribution
Percent of People with Each Score
Percentile by Number Answered
Your Score History
You have not taken this quiz